[Event "Irish International Open 2019"]
[Site "Dublin IRL"]
[Date "2019.04.17"]
[Round "1.1"]
[White "Epishin, Vladimir"]
[Black "Scallan, Fiachra"]
[Result "1-0"]
[WhiteTitle "GM"]
[WhiteElo "2568"]
[BlackElo "1899"]
[BlackICU "1926"]
[BlackClub "Rathmines"]
[WhiteNationality "RUS"]
[BlackNationality "IRL"]
[WhiteFideId "4162714"]
[BlackFideId "2507528"]
[PlyCount "71"]
[EventDate "2019.04.17"]
[ICUid "50054"]
[HashCode "457d533b"]

{ Event information: <a
href="http://www.irlchess.com/irishopen2019_allfiles/pairings_irishopen2019.html">Tournament
report</a>. }

1. Nf3 d5 2. e3 Nf6 3. c4 e6 4. Nc3 a6 5. b3 b6 6. d4 Bb7 7. Bd3 c5 8. O-O
cxd4 9. exd4 Nc6 10. Be3 Be7 11. Qe2 O-O 12. Rac1 Re8 13. h3 Ba3 14. Rcd1
Bb4 15. Qb2 Qd6 16. Ne2 a5 17. Bf4 Qe7 18. Bg5 h6 19. Bh4 Qd8 20. Ne5 Be7
21. Bg3 Nxe5 22. dxe5 Nd7 23. cxd5 Bxd5 24. f4 Ra7 25. f5 Qa8 26. Nf4 Bg5
27. fxe6 Bxe6 28. Nxe6 fxe6 29. Qe2 Nc5 30. Bb1 Nd7 31. h4 Be7 32. Qd3 Nf8
33. Rxf8+ Bxf8 34. Qh7+ Kf7 35. Bg6+ Ke7 36. h5 1-0

[Event "Irish International Open 2019"]
[Site "Dublin IRL"]
[Date "2019.04.17"]
[Round "1.2"]
[White "Hafstad, Leif"]
[Black "Saric, Ante"]
[Result "0-1"]
[BlackTitle "GM"]
[WhiteElo "1857"]
[BlackElo "2530"]
[WhiteNationality "ENG"]
[BlackNationality "CRO"]
[WhiteFideId "438030"]
[BlackFideId "14506254"]
[PlyCount "106"]
[EventDate "2019.04.17"]
[BlackFullName "&#352;ari&#263;, Ante"]
[ICUid "50055"]
[HashCode "678d7968"]

{ Event information: <a
href="http://www.irlchess.com/irishopen2019_allfiles/pairings_irishopen2019.html">Tournament
report</a>. }

1. e4 c5 2. Nf3 e6 3. g3 Nc6 4. Bg2 Nf6 5. Nc3 d5 6. exd5 exd5 7. d4 Bg4 8.
O-O Nxd4 9. Qe1+ Be7 10. Nxd4 cxd4 11. Ne2 O-O 12. Nxd4 Bc5 13. Be3 Qb6 14.
Nb3 d4 15. Bg5 Rae8 16. Qa5 Qxa5 17. Nxa5 Be2 18. Rfc1 Ne4 19. Nb3 Bb6 20.
Bxe4 Rxe4 21. Re1 Rfe8 22. Bd2 a6 23. Kg2 f5 24. f3 R4e6 25. Bb4 Kf7 26.
Rac1 Re3 27. f4 Rc8 28. Bd6 Bf3+ 29. Kf1 Be4 30. Rxe3 dxe3 31. c3 Rc6 32.
Be5 Rh6 33. Kg1 Bd5 34. Nd4 e2 35. Re1 Bf3 36. h4 Bg4 37. Kg2 Bxd4 38. Bxd4
Rd6 39. Kf2 Rd7 40. Ke3 Ke6 41. Kd3 Kd5 42. Be5 h6 43. Bd4 Re7 44. Be5 b5
45. a3 a5 46. Ra1 g5 47. hxg5 hxg5 48. Rh1 gxf4 49. gxf4 Rh7 50. Re1 Rh3+
51. Kc2 Ke4 52. Kd2 Rd3+ 53. Kc2 Rd1 0-1

[Event "Irish International Open 2019"]
[Site "Dublin IRL"]
[Date "2019.04.17"]
[Round "1.3"]
[White "Burg, Twan"]
[Black "Remenyik, David"]
[Result "1-0"]
[WhiteTitle "GM"]
[WhiteElo "2519"]
[BlackElo "1798"]
[BlackICU "1844"]
[WhiteNationality "NED"]
[BlackNationality "IRL"]
[WhiteFideId "1010697"]
[BlackFideId "368178515"]
[PlyCount "63"]
[EventDate "2019.04.17"]
[ICUid "50056"]
[HashCode "3aab9593"]

{ Event information: <a
href="http://www.irlchess.com/irishopen2019_allfiles/pairings_irishopen2019.html">Tournament
report</a>. }

1. e4 e6 2. d4 d5 3. Nd2 Nf6 4. e5 Nfd7 5. f4 c5 6. Ngf3 Nc6 7. Nb3 a6 8.
Be2 cxd4 9. Nbxd4 Nxd4 10. Nxd4 Nb8 11. Be3 Nc6 12. Nf3 Be7 13. O-O O-O 14.
c3 Bd7 15. Qe1 Kh8 16. Rd1 Qc7 17. Qg3 Bd8 18. Bd3 g6 19. Kh1 Ne7 20. Qh3
Nf5 21. Bf2 Kg7 22. g4 Nh6 23. Be3 Ng8 24. f5 exf5 25. gxf5 Bxf5 26. Bxf5
gxf5 27. Rg1+ Kh8 28. Bh6 Nxh6 29. Qxh6 Rg8 30. Rxg8+ Kxg8 31. Rg1+ Kh8 32.
Qf8# 1-0

[Event "Irish International Open 2019"]
[Site "Dublin IRL"]
[Date "2019.04.17"]
[Round "1.4"]
[White "O'Flaherty, Kevin"]
[Black "Jovanic, Ognjen"]
[Result "0-1"]
[BlackTitle "GM"]
[WhiteElo "1889"]
[BlackElo "2515"]
[WhiteICU "1865"]
[WhiteClub "Univ. of Limerick"]
[WhiteNationality "IRL"]
[BlackNationality "CRO"]
[WhiteFideId "2502283"]
[BlackFideId "14504081"]
[PlyCount "81"]
[EventDate "2019.04.17"]
[BlackFullName "Jovani&#263;, Ognjen"]
[ICUid "50057"]
[HashCode "54f68d85"]

{ Event information: <a
href="http://www.irlchess.com/irishopen2019_allfiles/pairings_irishopen2019.html">Tournament
report</a>. }

1. d4 Nf6 2. Bf4 g6 3. e3 Bg7 4. Nd2 O-O 5. Ngf3 d6 6. h3 b6 7. c3 c5 8.
Be2 Bb7 9. O-O Nbd7 10. Re1 Rc8 11. a4 a6 12. Rc1 Rc7 13. Qb3 Qa8 14. Bf1
Rcc8 15. Qa2 Rfe8 16. Ng5 d5 17. Ngf3 Nh5 18. Bh2 e6 19. g4 Nhf6 20. Ne5
Red8 21. f4 Ne8 22. Qb1 f6 23. Nxd7 Rxd7 24. Nf3 Nd6 25. g5 f5 26. Bd3 Bc6
27. Bc2 Rdc7 28. Re2 Be8 29. Ree1 b5 30. dxc5 Rxc5 31. Nd4 Bd7 32. axb5
axb5 33. Bd3 Qb7 34. Nc2 Nc4 35. Bxc4 Rxc4 36. Nb4 Bf8 37. Nd3 b4 38. cxb4
Bxb4 39. Rxc4 dxc4 40. Nxb4 Qxb4 41. Qc2 0-1

[Event "Irish International Open 2019"]
[Site "Dublin IRL"]
[Date "2019.04.17"]
[Round "1.5"]
[White "Ruck, Robert"]
[Black "O'Mahoney, Keegan"]
[Result "1-0"]
[WhiteTitle "GM"]
[WhiteElo "2522"]
[BlackElo "1875"]
[BlackICU "1857"]
[BlackClub "Cork"]
[WhiteNationality "HUN"]
[BlackNationality "IRL"]
[WhiteFideId "705713"]
[BlackFideId "2506190"]
[PlyCount "65"]
[EventDate "2019.04.17"]
[ICUid "50058"]
[HashCode "4a2ef968"]

{ Event information: <a
href="http://www.irlchess.com/irishopen2019_allfiles/pairings_irishopen2019.html">Tournament
report</a>. }

1. Nf3 e6 2. c4 b6 3. g3 Bb7 4. Bg2 f5 5. O-O Nf6 6. d4 Be7 7. Nc3 O-O 8.
d5 Bb4 9. Nd4 Bxc3 10. bxc3 c5 11. Nb5 e5 12. Nd6 Qc7 13. Nxf5 d6 14. e4 b5
15. cxb5 Nxd5 16. c4 Nf6 17. Qxd6 Rf7 18. Rd1 Nxe4 19. Qxc7 Rxc7 20. Rd8+
Kf7 21. Bb2 Ke6 22. Re8+ Kxf5 23. Rxe5+ Kg6 24. Bxe4+ Bxe4 25. Rxe4 Rf7 26.
Re6+ Kg5 27. Rd1 Rd7 28. Red6 Re7 29. R1d5+ Kg4 30. Kg2 g5 31. h3+ Kh5 32.
g4+ Kh4 33. Rh6# 1-0

[Event "Irish International Open 2019"]
[Site "Dublin IRL"]
[Date "2019.04.17"]
[Round "1.6"]
[White "Scott, Luke"]
[Black "Strikovic, Aleksa"]
[Result "0-1"]
[BlackTitle "GM"]
[WhiteElo "1881"]
[BlackElo "2493"]
[WhiteICU "1976"]
[WhiteClub "T.C.D."]
[WhiteNationality "IRL"]
[BlackNationality "SRB"]
[WhiteFideId "2507986"]
[BlackFideId "900150"]
[PlyCount "66"]
[EventDate "2019.04.17"]
[BlackFullName "Strikovi&#263;, Aleksa"]
[ICUid "50059"]
[HashCode "49165fb1"]

{ Event information: <a
href="http://www.irlchess.com/irishopen2019_allfiles/pairings_irishopen2019.html">Tournament
report</a>. }

1. d4 d6 2. Nf3 Nf6 3. c4 Nbd7 4. Nc3 e5 5. e4 Be7 6. Be2 O-O 7. O-O c6 8.
Re1 a6 9. a4 a5 10. Bf1 Re8 11. b3 exd4 12. Nxd4 Nc5 13. f3 Bf8 14. Rb1 g6
15. Be3 Nfd7 16. Qd2 Qb6 17. h3 Ne5 18. f4 Ned7 19. Bf2 Bg7 20. Qc2 Qc7 21.
g3 Na6 22. Qd2 Ndc5 23. Bg2 Nb4 24. Ndb5 cxb5 25. Nxb5 Qd8 26. Nxd6 b6 27.
e5 Ra7 28. Bxc5 bxc5 29. Rbd1 Rd7 30. Qf2 Bf8 31. Qxc5 Bxd6 32. exd6 Rxe1+
33. Rxe1 Nd3 0-1

[Event "Irish International Open 2019"]
[Site "Dublin IRL"]
[Date "2019.04.17"]
[Round "1.8"]
[White "Moran, Darragh"]
[Black "Larino Nieto, David"]
[Result "0-1"]
[BlackTitle "GM"]
[WhiteElo "1844"]
[BlackElo "2434"]
[WhiteICU "1853"]
[WhiteClub "Gonzaga"]
[WhiteNationality "IRL"]
[BlackNationality "ESP"]
[WhiteFideId "2510294"]
[BlackFideId "2256444"]
[PlyCount "90"]
[EventDate "2019.04.17"]
[BlackFullName "Lari&ntilde;o Nieto, David"]
[ICUid "50061"]
[HashCode "6107691a"]

{ Event information: <a
href="http://www.irlchess.com/irishopen2019_allfiles/pairings_irishopen2019.html">Tournament
report</a>. }

1. d4 d6 2. e4 Nf6 3. Nc3 Nbd7 4. Nf3 e5 5. Bc4 exd4 6. Nxd4 Nb6 7. Bb3 c5
8. Ndb5 c4 9. Ba4 Bd7 10. b3 Nxa4 11. bxa4 Bg4 12. Qd4 Be7 13. Bf4 O-O 14.
O-O d5 15. Nxd5 Nxd5 16. exd5 Bf5 17. Rac1 a6 18. Nc3 Ba3 19. Rb1 Bxc2 20.
Rxb7 Bd3 21. Rd1 Qc8 22. Rc7 Qf5 23. Qe5 Qg6 24. Qg5 Qxg5 25. Bxg5 Bd6 26.
Rc6 Be5 27. Rc1 f6 28. Be3 Rfc8 29. Rb6 Rd8 30. f3 Bxc3 31. Rxc3 Rxd5 32.
Kf2 Ra5 33. Rb4 Re8 34. a3 Rae5 35. Bc1 Re2+ 36. Kg3 Ra2 37. Rb2 Ra1 38.
Bf4 g5 39. Bd6 Re6 40. Bc5 Rh1 41. h3 h5 42. f4 Re4 43. fxg5 fxg5 44. Rd2
h4+ 45. Kf3 Rf4+ 0-1

[Event "Irish International Open 2019"]
[Site "Dublin IRL"]
[Date "2019.04.17"]
[Round "1.9"]
[White "Thorfinnsson, Bjorn"]
[Black "Larter, Nick J."]
[Result "1-0"]
[WhiteTitle "IM"]
[WhiteElo "2399"]
[BlackElo "1830"]
[BlackICU "1699"]
[BlackClub "Ennis"]
[WhiteNationality "ISL"]
[BlackNationality "IRL"]
[WhiteFideId "2300982"]
[BlackFideId "2502240"]
[PlyCount "53"]
[EventDate "2019.04.17"]
[WhiteFullName "&THORN;orfinnsson, Bj&ouml;rn"]
[ICUid "50062"]
[HashCode "323b1406"]

{ Event information: <a
href="http://www.irlchess.com/irishopen2019_allfiles/pairings_irishopen2019.html">Tournament
report</a>. }

1. d4 e6 2. Nf3 f5 3. g3 Nf6 4. Bg2 Be7 5. O-O O-O 6. c4 d6 7. Nc3 Ne4 8.
Nd2 Nxc3 9. bxc3 Nd7 10. Qc2 Nf6 11. e4 f4 12. Nf3 fxg3 13. fxg3 Qe8 14. e5
dxe5 15. Nxe5 Nd7 16. Rxf8+ Bxf8 17. Nxd7 Qxd7 18. Be4 g6 19. Bf4 a5 20.
Rf1 Bg7 21. Be5 Bxe5 22. dxe5 Qe7 23. Bxg6 Qc5+ 24. Kg2 Bd7 25. Bxh7+ Kh8
26. Rf7 Qxc4 27. Qg6 1-0

[Event "Irish International Open 2019"]
[Site "Dublin IRL"]
[Date "2019.04.17"]
[Round "1.10"]
[White "Kalam, Abul"]
[Black "Jackson, James P."]
[Result "0-1"]
[BlackTitle "FM"]
[WhiteElo "1804"]
[BlackElo "2388"]
[WhiteICU "1721"]
[WhiteClub "Rathmines"]
[WhiteNationality "IRL"]
[BlackNationality "ENG"]
[WhiteFideId "2501007"]
[BlackFideId "416860"]
[PlyCount "80"]
[EventDate "2019.04.17"]
[ICUid "50063"]
[HashCode "4a2d9b9a"]

{ Event information: <a
href="http://www.irlchess.com/irishopen2019_allfiles/pairings_irishopen2019.html">Tournament
report</a>. }

1. e4 e5 2. Nf3 Nc6 3. Nc3 Nf6 4. d4 exd4 5. Nxd4 Bb4 6. Nxc6 bxc6 7. Bd3
O-O 8. O-O d5 9. e5 Ng4 10. Bf4 f6 11. Qe2 Re8 12. e6 Bxe6 13. Qf3 Bd6 14.
h3 Ne5 15. Qg3 Qd7 16. Bxe5 fxe5 17. Be2 Rab8 18. Nd1 Rf8 19. Bg4 e4 20.
Bxe6+ Qxe6 21. Qe3 Qe5 22. f4 Rxf4 23. Rxf4 Qxf4 24. Qxf4 Bxf4 25. c3 c5
26. b3 Kf7 27. Kf2 Ke6 28. Ke2 d4 29. Nf2 Re8 30. cxd4 cxd4 31. g3 Bd6 32.
g4 Kd5 33. Rg1 Rf8 34. Rg2 Rf3 35. g5 d3+ 36. Kd1 Bc5 37. g6 hxg6 38. Rg5+
Rf5 39. Nxe4 Kxe4 40. Rxg6 Be3 0-1

[Event "Irish International Open 2019"]
[Site "Dublin IRL"]
[Date "2019.04.17"]
[Round "1.11"]
[White "O'Donnell, Conor"]
[Black "Boyle, Bernard"]
[Result "1-0"]
[WhiteTitle "FM"]
[WhiteElo "2369"]
[BlackElo "1799"]
[WhiteICU "2341"]
[BlackICU "1708"]
[WhiteClub "Gonzaga"]
[BlackClub "Elm Mount"]
[WhiteNationality "IRL"]
[BlackNationality "IRL"]
[WhiteFideId "2504243"]
[BlackFideId "2501830"]
[PlyCount "53"]
[EventDate "2019.04.17"]
[ICUid "50064"]
[HashCode "2f4b1590"]

{ Event information: <a
href="http://www.irlchess.com/irishopen2019_allfiles/pairings_irishopen2019.html">Tournament
report</a>. }

1. d4 e6 2. c4 b6 3. e4 Bb4+ 4. Bd2 Bxd2+ 5. Nxd2 Bb7 6. Qg4 Qf6 7. Ngf3
Nh6 8. Qg3 d6 9. Bd3 Qg6 10. Qf4 Nd7 11. O-O-O O-O-O 12. Bc2 Qf6 13. Qe3 e5
14. h3 Rhe8 15. g4 Ng8 16. g5 exd4 17. Nxd4 Qe5 18. Rhe1 Qa5 19. a3 f6 20.
h4 Qe5 21. f4 Qe7 22. Ba4 d5 23. cxd5 Bxd5 24. Nf5 Qf7 25. Qc3 Qf8 26. Nc4
Bb7 27. Nd2 1-0

[Event "Irish International Open 2019"]
[Site "Dublin IRL"]
[Date "2019.04.17"]
[Round "1.12"]
[White "Lundback, Anders"]
[Black "Longson, Alexander"]
[Result "0-1"]
[BlackTitle "FM"]
[WhiteElo "1806"]
[BlackElo "2318"]
[WhiteNationality "SWE"]
[BlackNationality "ENG"]
[WhiteFideId "1713876"]
[BlackFideId "408093"]
[PlyCount "102"]
[EventDate "2019.04.17"]
[ICUid "50065"]
[HashCode "68a4d1d1"]

{ Event information: <a
href="http://www.irlchess.com/irishopen2019_allfiles/pairings_irishopen2019.html">Tournament
report</a>. }

1. d4 d5 2. c4 dxc4 3. Nf3 Nf6 4. e3 e6 5. Bxc4 c5 6. O-O a6 7. a4 Nc6 8.
Nc3 Be7 9. d5 exd5 10. Nxd5 Nxd5 11. Bxd5 Nb4 12. e4 Nxd5 13. exd5 O-O 14.
Ne5 Bd7 15. Re1 Bf6 16. Bf4 Re8 17. Rc1 Rc8 18. h3 b5 19. d6 Bxe5 20. Bxe5
Be6 21. Rc3 b4 22. Rg3 f6 23. Bf4 Qd7 24. Bh6 g6 25. h4 Kf7 26. h5 g5 27.
Qf3 Bf5 28. Re7+ Rxe7 29. dxe7 c4 30. Bf8 c3 31. bxc3 bxc3 32. e8=Q+ Kxe8
33. Ba3 c2 34. Qe2+ Kf7 35. Kh2 c1=Q 36. Bxc1 Rxc1 37. Re3 Rc2 38. Qf3 Rc8
39. h6 Re8 40. Rb3 Re7 41. a5 Qc7+ 42. g3 Kg6 43. Rb6 Re6 44. Rb7 Qc6 45.
Qb3 Kxh6 46. Qb4 Qd6 47. Qc3 Re2 48. Qf3 Qe5 49. Rb6 g4 50. Qa3 Rxf2+ 51.
Kg1 Qe1# 0-1

[Event "Irish International Open 2019"]
[Site "Dublin IRL"]
[Date "2019.04.17"]
[Round "1.13"]
[White "De Verdier, Michael"]
[Black "Jocius, Donatas"]
[Result "1-0"]
[WhiteTitle "FM"]
[WhiteElo "2306"]
[BlackElo "1773"]
[BlackICU "1664"]
[BlackClub "Rathmines"]
[WhiteNationality "SWE"]
[BlackNationality "IRL"]
[WhiteFideId "1710516"]
[BlackFideId "2509032"]
[PlyCount "143"]
[EventDate "2019.04.17"]
[WhiteFullName "de Verdier, Michael"]
[ICUid "50066"]
[HashCode "9b1c7f4b"]

{ Event information: <a
href="http://www.irlchess.com/irishopen2019_allfiles/pairings_irishopen2019.html">Tournament
report</a>. }

1. Nf3 c6 2. c4 d5 3. e3 Bf5 4. cxd5 cxd5 5. Qb3 Qc7 6. Nc3 e6 7. Nb5 Qb6
8. Qa4 Nd7 9. Nbd4 Bg6 10. Ne5 Nf6 11. h4 Qb4 12. Bb5 Qxa4 13. Bxa4 Bd6 14.
Ndf3 a6 15. Nxg6 hxg6 16. d3 Ke7 17. Bd2 Nb6 18. Bc2 Ng4 19. Bc3 f6 20. Ke2
Nd7 21. Nd2 Rac8 22. Rac1 b5 23. Nb3 b4 24. Bd2 g5 25. f3 Nge5 26. h5 Rc7
27. g4 Nc6 28. d4 Rcc8 29. Bd3 a5 30. Bb5 Ndb8 31. Ba4 e5 32. Kd3 Kf7 33.
Rc2 exd4 34. exd4 Rc7 35. Rhc1 Rhc8 36. Be3 Ke7 37. Nc5 Nd8 38. Bb3 Bxc5
39. dxc5 Nf7 40. Ke2 Ke6 41. Rd2 Rd8 42. Rcd1 Rcd7 43. Bc2 Nh6 44. Ba4 Rc7
45. Bb3 Rcd7 46. Ba4 Rc7 47. c6 Rxc6 48. Bxc6 Nxc6 49. Rc2 Ne5 50. b3 Ng8
51. Rc5 a4 52. bxa4 Ra8 53. a5 Ne7 54. Rb5 Nc4 55. Bb6 Nc6 56. Rbxd5 N6xa5
57. Bxa5 Rxa5 58. Rxa5 Nxa5 59. Rb1 Nc6 60. Ke3 Ne7 61. Kd4 Nc6+ 62. Kc5
Ne5 63. Rxb4 Nxf3 64. a4 f5 65. gxf5+ Kxf5 66. a5 g4 67. a6 g3 68. a7 g2
69. Rb1 g1=Q+ 70. Rxg1 Nxg1 71. a8=Q Ne2 72. Qf8+ 1-0

[Event "Irish International Open 2019"]
[Site "Dublin IRL"]
[Date "2019.04.17"]
[Round "1.14"]
[White "Halvorsen, Benjamin"]
[Black "Li, Henry"]
[Result "1/2-1/2"]
[BlackTitle "FM"]
[WhiteElo "1767"]
[BlackElo "2308"]
[BlackICU "2235"]
[BlackClub "Gonzaga"]
[WhiteNationality "NOR"]
[BlackNationality "IRL"]
[WhiteFideId "1516604"]
[BlackFideId "2508524"]
[PlyCount "58"]
[EventDate "2019.04.17"]
[ICUid "50067"]
[HashCode "373d27e2"]

{ Event information: <a
href="http://www.irlchess.com/irishopen2019_allfiles/pairings_irishopen2019.html">Tournament
report</a>. }

1. e4 e5 2. Nf3 Nc6 3. Bc4 Nf6 4. Ng5 d5 5. exd5 Na5 6. Bb5+ c6 7. dxc6
bxc6 8. Be2 h6 9. Nf3 e4 10. Ne5 Bd6 11. d4 exd3 12. Nxd3 Qc7 13. h3 O-O
14. O-O c5 15. Nc3 Rb8 16. Ne1 Rd8 17. Bd2 c4 18. Qc1 Bf5 19. Nf3 Bh7 20.
Rd1 Re8 21. Be3 Ne4 22. Nxe4 Rxe4 23. Qd2 Bc5 24. Bxc5 Qxc5 25. Nd4 Rxb2
26. Qc3 Rb8 27. Bf3 Ree8 28. Nb3 Nxb3 29. axb3 Rbc8 1/2-1/2

[Event "Irish International Open 2019"]
[Site "Dublin IRL"]
[Date "2019.04.17"]
[Round "1.15"]
[White "Fitzsimons, David"]
[Black "Goss, Alex"]
[Result "1-0"]
[WhiteTitle "IM"]
[WhiteElo "2299"]
[BlackElo "1765"]
[WhiteICU "2343"]
[BlackICU "1771"]
[WhiteClub "Elm Mount"]
[BlackClub "Elm Mount"]
[WhiteNationality "IRL"]
[BlackNationality "IRL"]
[WhiteFideId "2501961"]
[BlackFideId "2509407"]
[PlyCount "113"]
[EventDate "2019.04.17"]
[ICUid "50068"]
[HashCode "6cfadc63"]

{ Event information: <a
href="http://www.irlchess.com/irishopen2019_allfiles/pairings_irishopen2019.html">Tournament
report</a>. }

1. Nf3 Nf6 2. c4 e6 3. g3 d5 4. Bg2 c6 5. b3 Nbd7 6. Bb2 Be7 7. O-O O-O 8.
d4 c5 9. cxd5 Nxd5 10. e4 N5b6 11. Nc3 cxd4 12. Qxd4 Bc5 13. Qd3 Nf6 14.
Rad1 Qxd3 15. Rxd3 Bb4 16. Re1 Bd7 17. Ne5 Bb5 18. Rd4 Bxc3 19. Bxc3 Rac8
20. Ba5 Rfd8 21. Rb4 Rc5 22. Nf3 Bc6 23. Bxb6 axb6 24. Nd4 b5 25. a4 bxa4
26. bxa4 Ra8 27. Nxc6 bxc6 28. Rd1 g6 29. h3 Rca5 30. Ra1 Nd7 31. Rc4 Ne5
32. Rc2 Rxa4 33. Rxa4 Rxa4 34. f4 Rc4 35. Rd2 Rc1+ 36. Kf2 Nc4 37. Ra2 Rc3
38. e5 Na3 39. Bxc6 Rc2+ 40. Rxc2 Nxc2 41. Be4 Nd4 42. Ke3 Nf5+ 43. Kf2 Ne7
44. g4 Kg7 45. Ke3 h6 46. Kd4 f5 47. Bf3 g5 48. fxg5 hxg5 49. Kc5 Ng6 50.
Kd6 Nf4 51. Bd1 Kf8 52. Kd7 Kf7 53. Bb3 fxg4 54. hxg4 Kg6 55. Bxe6 Ne2 56.
Bf5+ Kg7 57. e6 1-0

[Event "Irish International Open 2019"]
[Site "Dublin IRL"]
[Date "2019.04.17"]
[Round "1.16"]
[White "Opseth, Oliver"]
[Black "Brady, Stephen"]
[Result "0-1"]
[BlackTitle "FM"]
[WhiteElo "1739"]
[BlackElo "2301"]
[BlackICU "2278"]
[BlackClub "St. Benildus"]
[WhiteNationality "NOR"]
[BlackNationality "IRL"]
[WhiteFideId "1523813"]
[BlackFideId "2500124"]
[PlyCount "60"]
[EventDate "2019.04.17"]
[ICUid "50069"]
[HashCode "41375953"]

{ Event information: <a
href="http://www.irlchess.com/irishopen2019_allfiles/pairings_irishopen2019.html">Tournament
report</a>. }

1. d4 Nf6 2. Bf4 e6 3. Nf3 b6 4. e3 Bb7 5. Bd3 Be7 6. Nbd2 O-O 7. Qe2 c5 8.
h3 Nc6 9. c3 d6 10. e4 cxd4 11. Nxd4 e5 12. Nxc6 Bxc6 13. Bh2 d5 14. exd5
Bxd5 15. Bxe5 Bd6 16. Bxf6 Qxf6 17. Bxh7+ Kxh7 18. Qd3+ Qg6 19. Qxd5 Rad8
20. O-O-O Bf4 21. Qf3 Qg5 22. Qe4+ Kg8 23. Qc2 Qxg2 24. Rhg1 Qxf2 25. Rh1
Rxd2 26. Rxd2 Rd8 27. Rd1 Rxd2 28. Rxd2 Qe1+ 29. Qd1 Bxd2+ 30. Kb1 Qxd1#
0-1

[Event "Irish International Open 2019"]
[Site "Dublin IRL"]
[Date "2019.04.17"]
[Round "1.17"]
[White "Mannion, Stephen R."]
[Black "Burg, Henk"]
[Result "1-0"]
[WhiteTitle "IM"]
[WhiteElo "2285"]
[BlackElo "1719"]
[WhiteNationality "SCO"]
[BlackNationality "NED"]
[WhiteFideId "2400111"]
[BlackFideId "1017691"]
[PlyCount "77"]
[EventDate "2019.04.17"]
[ICUid "50070"]
[HashCode "4a1ce151"]

{ Event information: <a
href="http://www.irlchess.com/irishopen2019_allfiles/pairings_irishopen2019.html">Tournament
report</a>. }

1. e4 c5 2. Nf3 e6 3. d4 cxd4 4. Nxd4 Nc6 5. Nb5 d6 6. c4 Nf6 7. N1c3 a6 8.
Na3 Be7 9. Be2 O-O 10. O-O Ne5 11. f4 Ned7 12. Kh1 b6 13. Bf3 Rb8 14. Qe2
Qc7 15. Bd2 Bb7 16. Rac1 Rfd8 17. Nd5 exd5 18. cxd5 Nc5 19. b4 Qd7 20. bxc5
bxc5 21. Nc4 Re8 22. Bc3 h6 23. Rb1 Ba8 24. Qc2 Nh7 25. Rfd1 Qa7 26. e5
dxe5 27. Bxe5 Rxb1 28. Qxb1 Bf6 29. Be4 Nf8 30. Bxf6 gxf6 31. Nd6 Rb8 32.
Qd3 Ng6 33. Bxg6 fxg6 34. Qxg6+ Qg7 35. Qe4 Rd8 36. Qe6+ Kf8 37. Re1 c4 38.
Qe8+ Rxe8 39. Rxe8# 1-0

[Event "Irish International Open 2019"]
[Site "Dublin IRL"]
[Date "2019.04.17"]
[Round "1.18"]
[White "Phelan, Leo"]
[Black "Daly, Colm"]
[Result "0-1"]
[BlackTitle "FM"]
[WhiteElo "1708"]
[BlackElo "2278"]
[WhiteICU "1670"]
[WhiteClub "Gonzaga"]
[WhiteNationality "IRL"]
[BlackNationality "IRL"]
[WhiteFideId "2511428"]
[BlackFideId "2500434"]
[PlyCount "38"]
[EventDate "2019.04.17"]
[ICUid "50071"]
[HashCode "23fc3675"]

{ Event information: <a
href="http://www.irlchess.com/irishopen2019_allfiles/pairings_irishopen2019.html">Tournament
report</a>. }

1. e4 c5 2. Nf3 d6 3. d4 cxd4 4. Nxd4 Nf6 5. Nc3 Nc6 6. Bc4 e6 7. Be3 Be7
8. Qe2 a6 9. O-O-O O-O 10. g4 Nxd4 11. Bxd4 b5 12. Bb3 Bb7 13. f3 Nd7 14.
Qf2 Qc7 15. h4 Nc5 16. g5 Bc6 17. Rdg1 b4 18. Ne2 Bb5 19. h5 Nd3+ 0-1

[Event "Irish International Open 2019"]
[Site "Dublin IRL"]
[Date "2019.04.17"]
[Round "1.19"]
[White "Pulkkinen, Kari"]
[Black "Mancin, Michele"]
[Result "1-0"]
[WhiteTitle "FM"]
[WhiteElo "2265"]
[BlackElo "1706"]
[WhiteNationality "FIN"]
[BlackNationality "ITA"]
[WhiteFideId "500712"]
[BlackFideId "824780"]
[PlyCount "61"]
[EventDate "2019.04.17"]
[ICUid "50072"]
[HashCode "42ab64ee"]

{ Event information: <a
href="http://www.irlchess.com/irishopen2019_allfiles/pairings_irishopen2019.html">Tournament
report</a>. }

1. e4 c5 2. Nf3 d6 3. d4 cxd4 4. Nxd4 Nf6 5. Nc3 a6 6. h3 e6 7. g4 b5 8.
Bg2 Bb7 9. O-O Qc7 10. Re1 Be7 11. g5 Nfd7 12. f4 Nc6 13. Nxc6 Bxc6 14. Be3
O-O 15. Ne2 Rfd8 16. Nd4 Bb7 17. f5 e5 18. f6 Bf8 19. fxg7 Bxg7 20. Nf5 Nc5
21. Qg4 Ne6 22. c3 d5 23. exd5 Bxd5 24. Rad1 Bxg2 25. Qxg2 Nf4 26. Bxf4
exf4 27. Qe4 Re8 28. Qxe8+ Rxe8 29. Rxe8+ Bf8 30. Rdd8 Qc5+ 31. Kf1 1-0